| 000 | 00449nam a2200157Ia 4500 | ||
|---|---|---|---|
| 999 |
_c21656 _d21656 |
||
| 003 | OSt | ||
| 005 | 20200708100441.0 | ||
| 008 | 190216s9999||||xx |||||||||||||| ||und|| | ||
| 040 | _coclc | ||
| 082 |
_a952.03 _bPYL/M |
||
| 100 |
_aPyle, Kenneth B _93641 |
||
| 245 | 4 |
_aThe Making Of Modern Japan / _cKenneth B Pyle |
|
| 260 |
_bSurjeet Pub, _c2006. _aDelhi: |
||
| 300 | _a195p | ||
| 942 |
_cBK _2ddc _h952.03 _iPYL/M _k952.03 _mPYL/M |
||